| 000 | 00939cam a22002654a 4500 | ||
|---|---|---|---|
| 001 | 13949520 | ||
| 005 | 20180308080252.0 | ||
| 008 | 050503s2005 nyua b 001 0 eng | ||
| 010 | _a 2005047538 | ||
| 020 | _a1591840880 | ||
| 040 |
_aDLC _cDLC _dDLC |
||
| 041 | _aeng | ||
| 042 | _apcc | ||
| 043 | _an-us--- | ||
| 080 | _a338.761025 BAT | ||
| 082 | 0 | 0 |
_a338.761025 BAT _222 |
| 100 | 1 | _a57 | |
| 101 | _aBIZ | ||
| 245 | 1 | 4 |
_aThe search : _cJohn Battelle |
| 246 | 3 | 0 | _aGoogle and its rivals changed everything |
| 504 | _aIncludes bibliographical references (p. [287]-299) and index. | ||
| 906 |
_a7 _bcbc _corignew _d1 _eocip _f20 _gy-gencatlg |
||
| 942 |
_2ddc _cBK |
||
| 999 |
_c44484 _d44484 |
||